[Event "Niedersachsen-ch op-D"]
[Site "Verden"]
[Date "2017.01.08"]
[Round "7"]
[White "Eisenmenger, Till"]
[Black "Wallat, Joel"]
[Result "1-0"]
[WhiteElo "1477"]
[BlackElo "1008"]
[PlyCount "69"]
[EventDate "2017.01.05"]
[EventType "swiss"]
[EventRounds "7"]
[EventCountry "GER"]
[SourceTitle "CBM 187 Extra"]
[Source "ChessBase"]
[SourceDate "2018.11.04"]
[SourceVersion "1"]
[SourceVersionDate "2018.11.04"]
[SourceQuality "1"]

1. e4 c5 2. Nf3 Nc6 3. Nc3 e6 4. d3 Nge7 5. Bg5 h6 6. Bh4 g5 7. Bg3 Bg7 8. Be2 Qb6 9. Rb1 Bxc3+ 10. bxc3 Qd8 11. d4 cxd4 12. Nxd4 Nxd4 13. cxd4 Qa5+ 14. Qd2 Qxa2 15. 0-0 Qa4 16. Bb5 Qa3 17. Ra1 Qb2 18. Rfb1 Qxa1 19. Rxa1 a6 20. Bd6 b6 21. Qb4 Nc6 22. Qc4 Bb7 23. Rxa6 Bxa6 24. Bxa6 f6 25. g3 Ne7 26. Bb7 Ra1+ 27. Kg2 Ra7 28. Bxe7 Kxe7 29. Qb4+ Ke8 30. Qxb6 Ra2 31. Bd5 exd5 32. Qb8+ Kf7 33. Qxh8 Kg6 34. g4 Rxc2 35. Qg8# 1-0

[Event "Niedersachsen-ch op-D"]
[Site "Verden"]
[Date "2017.01.05"]
[Round "2"]
[White "Eisenmenger, Till"]
[Black "Brunner, Alexander1111"]
[Result "1-0"]
[WhiteElo "1477"]
[BlackElo "1348"]
[PlyCount "71"]
[EventDate "2017.01.05"]
[EventType "swiss"]
[EventRounds "7"]
[EventCountry "GER"]
[SourceTitle "CBM 187 Extra"]
[Source "ChessBase"]
[SourceDate "2018.11.04"]
[SourceVersion "1"]
[SourceVersionDate "2018.11.04"]
[SourceQuality "1"]

1. e4 d5 2. exd5 Qxd5 3. Nc3 Qa5 4. d3 Nf6 5. Nf3 Bg4 6. Be2 Nbd7 7. Bd2 0-0-0 8. Nd4 h5 9. h3 Bxe2 10. Qxe2 g6 11. 0-0-0 e6 12. Kb1 Bg7 13. Nb3 Qb6 14. Be3 Qa6 15. d4 Ne4 16. Qxa6 Nxc3+ 17. bxc3 bxa6 18. c4 Nb6 19. c5 Nd5 20. Kb2 Nxe3 21. fxe3 e5 22. c3 Rhe8 23. Na5 exd4 24. exd4 Re2+ 25. Kb3 Rxg2 26. Rdf1 Rd7 27. c6 Re7 28. Re1 Kd8 29. Kc4 Rxa2 30. Rb1 Re6 31. Nb7+ Kc8 32. Rhe1 Rxc6+ 33. Nc5 Rd6 34. Re8+ Rd8 35. Rb8+ Kxb8 36. Rxd8# 1-0